000 00688nam a2200169 4500
001 138166
003 ES-MaACL
005 20230906195521.0
007 t|
008 070214s1901 sp r ||||1| spa d
100 1 _aSánchez Román, Felipe.
_9102897
245 1 0 _aInterpelación dirigida al Sr. Ministro de Instrucción Pública, Excmo. Sr. D. Antonio García Alix, sobre sus reformas ministeriales en materias de enseñanza /
_cpor el senador Excmo. Sr. D. Felipe Sánchez Román.
250 _a1ª ed.
260 _a[S. l. :
_bs. n.],
_c1901 (
_eMadrid :
_fEstablecimiento tipográfico de los hijos de J. A. García)
300 _a208 p. ;
_c20 cm.
852 _aES-MaACL
_jT-1425-F-3
999 _c138166
_d138166